[Event "Campeonato España Sub 14"]
[Site "Salobreña"]
[Date "2017.07.21"]
[Round "8"]
[White "Alonso Garcia, Aaron"]
[Black "Eizaguerri Floris, Maria"]
[Result "1/2-1/2"]
[Board "3"]
[WhiteClock "1:30"]
[WhiteElo "2119"]
[WhiteCountry "ESP"]
[WhiteFideId "24521060"]
[WhiteEloChange "-1"]
[BlackClock "1:30"]
[BlackTitle "WFM"]
[BlackElo "2075"]
[BlackCountry "ESP"]
[BlackFideId "32065752"]
[BlackEloChange "1"]

1. e4 {[%clk 1:30:00]} c5 {[%clk 1:30:00]} 2. Nc3 {[%clk 1:31:00]} Nc6 {[%clk
1:31:00]} 3. g3 {[%clk 1:31:00]} g6 {[%clk 1:31:00]} 4. Bg2 {[%clk 1:31:00]} Bg7
{[%clk 1:31:00]} 5. d3 {[%clk 1:32:00]} Rb8 {[%clk 1:32:00]} 6. Be3 {[%clk
1:30:00]} d6 {[%clk 1:32:00]} 7. Qd2 {[%clk 1:29:00]} b5 {[%clk 1:32:00]} 8. Nge2
{[%clk 1:27:00]} Nd4 {[%clk 1:33:00]} 9. O-O {[%clk 1:18:00]} h5 {[%clk 1:33:00]}
10. h4 {[%clk 1:18:00]} b4 {[%clk 1:30:00]} 11. Nd1 {[%clk 1:17:00]} e6 {[%clk
1:29:00]} 12. Nc1 {[%clk 1:00:00]} Ba6 {[%clk 1:16:00]} 13. Re1 {[%clk 0:55:00]}
Qa5 {[%clk 1:13:00]} 14. a3 {[%clk 0:42:00]} Ne7 {[%clk 1:06:00]} 15. Ra2 {[%clk
0:41:00]} Nxc2 {[%clk 0:58:00]} 16. Nb3 {[%clk 0:39:00]} Qb5 {[%clk 0:51:00]} 17.
Qxc2 {[%clk 0:39:00]} c4 {[%clk 0:47:00]} 18. dxc4 {[%clk 0:32:00]} Qxc4 {[%clk
0:47:00]} 19. Qxc4 {[%clk 0:32:00]} Bxc4 {[%clk 0:47:00]} 20. Nc1 {[%clk
0:32:00]} Bxa2 {[%clk 0:44:00]} 21. Nxa2 {[%clk 0:32:00]} bxa3 {[%clk 0:44:00]}
22. bxa3 {[%clk 0:32:00]} O-O {[%clk 0:43:00]} 23. Bd2 {[%clk 0:23:00]} Nc6
{[%clk 0:40:00]} 24. Bc3 {[%clk 0:19:48]} Rb3 {[%clk 0:36:00]} 25. Bxg7 {[%clk
0:17:53]} Kxg7 {[%clk 0:36:00]} 26. Re3 {[%clk 0:13:42]} Rfb8 {[%clk 0:34:00]}
27. Bf1 {[%clk 0:10:49]} Rxe3 {[%clk 0:28:00]} 28. fxe3 {[%clk 0:09:46]} Rb3
{[%clk 0:27:00]} 29. a4 {[%clk 0:09:54]} Ne5 {[%clk 0:26:00]} 30. Be2 {[%clk
0:07:08]} Nd7 {[%clk 0:21:00]} 31. Nac3 {[%clk 0:04:06]} Ra3 {[%clk 0:20:00]} 32.
Nb5 {[%clk 0:01:28]} Rxa4 {[%clk 0:19:41]} 33. Nxd6 {[%clk 0:01:55]} Nc5 {[%clk
0:18:32]} 34. e5 {[%clk 0:01:31]} Ra2 {[%clk 0:18:06]} 35. Kf1 {[%clk 0:01:31]}
a5 {[%clk 0:17:38]} 36. Nc3 {[%clk 0:01:12]} Ra1+ {[%clk 0:17:12]} 37. Kf2 {[%clk
0:00:48]} a4 {[%clk 0:17:01]} 38. Bc4 {[%clk 0:00:44]} Rc1 {[%clk 0:09:17]} 39.
Na2 {[%clk 0:00:33]} Rc2+ {[%clk 0:09:13]} 40. Kf3 {[%clk 0:00:41]} Nb3 {[%clk
0:04:07]} 41. Nb4 {[%clk 0:01:10]} Rc1 {[%clk 0:03:29]} 42. Ke2 {[%clk 0:01:23]}
Na5 {[%clk 0:03:11]} 43. Ba2 {[%clk 0:00:45]} Rc5 {[%clk 0:02:15]} 44. Kd3 {[%clk
0:01:15]} Kf8 {[%clk 0:02:28]} 45. Kd4 {[%clk 0:00:45]} Rc1 {[%clk 0:02:18]} 46.
Kd3 {[%clk 0:00:38]} Ke7 {[%clk 0:02:09]} 47. Ne4 {[%clk 0:00:54]} Nb3 {[%clk
0:02:03]} 48. Nc2 {[%clk 0:00:41]} Rd1+ {[%clk 0:01:59]} 49. Kc3 {[%clk 0:00:37]}
Nc1 {[%clk 0:01:36]} 50. Bc4 {[%clk 0:00:56]} Rd8 {[%clk 0:01:20]} 51. Nc5 {[%clk
0:00:59]} Nb3 {[%clk 0:00:53]} 52. Nxb3 {[%clk 0:00:42]} axb3 {[%clk 0:01:19]}
53. Kxb3 {[%clk 0:00:58]} Rd2 {[%clk 0:01:36]} 54. Nd4 {[%clk 0:01:00]} Rg2
{[%clk 0:01:51]} 55. Ne2 {[%clk 0:01:25]} Rh2 {[%clk 0:01:06]} 56. Kc3 {[%clk
0:01:39]} Rh1 {[%clk 0:01:24]} 57. Kd4 {[%clk 0:01:50]} Rd1+ {[%clk 0:01:14]} 58.
Ke4 {[%clk 0:02:19]} Kf8 {[%clk 0:01:27]} 59. Nf4 {[%clk 0:01:39]} Kg7 {[%clk
0:00:43]} 60. Be2 {[%clk 0:01:40]} Ra1 {[%clk 0:01:02]} 61. Bc4 {[%clk 0:00:39]}
Ra4 {[%clk 0:01:00]} 62. Kd4 {[%clk 0:01:08]} Ra3 {[%clk 0:01:01]} 63. Nd3 {[%clk
0:01:00]} Ra1 {[%clk 0:01:11]} 64. Nf2 {[%clk 0:00:54]} Ra3 {[%clk 0:01:17]} 65.
Ne4 {[%clk 0:00:40]} Ra5 {[%clk 0:01:42]} 66. Ng5 {[%clk 0:00:41]} Ra4 {[%clk
0:01:51]} 67. Nf3 {[%clk 0:00:38]} Ra3 {[%clk 0:02:13]} 68. Nd2 {[%clk 0:00:44]}
Ra5 {[%clk 0:02:19]} 69. Ke4 {[%clk 0:00:38]} Ra4 {[%clk 0:02:36]} 70. Kf3 {[%clk
0:00:42]} Rb4 {[%clk 0:02:52]} 71. Kf4 {[%clk 0:00:33]} Rb2 {[%clk 0:03:04]} 72.
Nf3 {[%clk 0:00:41]} Rb4 {[%clk 0:03:22]} 73. Nd2 {[%clk 0:01:04]} Rb2 {[%clk
0:03:49]} 74. Ne4 {[%clk 0:01:22]} Rb4 {[%clk 0:03:34]} 75. Be2 {[%clk 0:01:30]}
Rb2 {[%clk 0:03:42]} 76. Bf3 {[%clk 0:01:50]} Rb4 {[%clk 0:03:29]} 77. Be2 {[%clk
0:01:27]} Rb2 {[%clk 0:03:55]} 78. Kf3 {[%clk 0:01:33]} Ra2 {[%clk 0:04:00]} 79.
Bd3 {[%clk 0:01:36]} Ra3 {[%clk 0:04:10]} 80. Nf2 {[%clk 0:01:56]} Ra5 {[%clk
0:04:23]} 81. Kf4 {[%clk 0:02:17]} Ra2 {[%clk 0:04:30]} 82. Nh3 {[%clk 0:02:01]}
Ra3 {[%clk 0:04:28]} 83. Be2 {[%clk 0:01:20]} Ra2 {[%clk 0:04:02]} 84. Bf3 {[%clk
0:01:49]} Ra4+ {[%clk 0:04:40]} 85. e4 {[%clk 0:01:54]} Ra3 {[%clk 0:04:31]} 86.
g4 {[%clk 0:01:11]} hxg4 {[%clk 0:04:32]} 87. Bxg4 {[%clk 0:01:16]} Ra1 {[%clk
0:04:37]} 88. h5 {[%clk 0:00:40]} gxh5 {[%clk 0:04:28]} 89. Bxh5 {[%clk 0:01:03]}
Rf1+ {[%clk 0:04:51]} 90. Bf3 {[%clk 0:01:19]} Ra1 {[%clk 0:04:25]} 91. Nf2
{[%clk 0:01:16]} Kg6 {[%clk 0:04:33]} 92. Nd3 {[%clk 0:00:38]} Ra5 {[%clk
0:04:25]} 93. Ke3 {[%clk 0:00:42]} Kg5 {[%clk 0:03:49]} 94. Bd1 {[%clk 0:00:56]}
Ra3 {[%clk 0:02:57]} 95. Kd4 {[%clk 0:01:13]} Ra1 {[%clk 0:03:13]} 96. Bb3 {[%clk
0:01:34]} Ra3 {[%clk 0:03:10]} 97. Bc4 {[%clk 0:01:56]} Ra8 {[%clk 0:03:31]} 98.
Bb5 {[%clk 0:01:56]} Rd8+ {[%clk 0:03:56]} 99. Ke3 {[%clk 0:01:18]} Rb8 {[%clk
0:04:18]} 100. Ba4 {[%clk 0:00:54]} Ra8 {[%clk 0:04:41]} 101. Bb5 {[%clk
0:00:44]} Rb8 {[%clk 0:05:07]} 102. Bc4 {[%clk 0:01:13]} Rc8 {[%clk 0:05:31]}
103. Bb3 {[%clk 0:01:00]} Rb8 {[%clk 0:05:55]} 104. Bd1 {[%clk 0:01:22]} Rb1
{[%clk 0:06:10]} 105. Be2 {[%clk 0:01:19]} Rb3 {[%clk 0:06:28]} 106. Kd4 {[%clk
0:01:15]} Rb8 {[%clk 0:06:53]} 107. Nc5 {[%clk 0:01:15]} 1/2-1/2

[Event "Campeonato España Sub 14"]
[Site "Salobreña"]
[Date "2017.07.21"]
[Round "8"]
[White "Prado Lobo, Jonas"]
[Black "Masague Artero, Guerau"]
[Result "1-0"]
[Board "4"]
[WhiteClock "1:30"]
[WhiteElo "2054"]
[WhiteCountry "ESP"]
[WhiteFideId "32050666"]
[WhiteEloChange "7"]
[BlackClock "1:30"]
[BlackElo "1965"]
[BlackCountry "ESP"]
[BlackFideId "32098952"]
[BlackEloChange "-7"]

1. d4 {[%clk 1:30:00]} Nf6 {[%clk 1:30:00]} 2. c4 {[%clk 1:30:00]} e6 {[%clk
1:31:00]} 3. Nc3 {[%clk 1:31:00]} Bb4 {[%clk 1:31:00]} 4. Qc2 {[%clk 1:32:00]} c5
{[%clk 1:32:00]} 5. dxc5 {[%clk 1:32:00]} Na6 {[%clk 1:32:00]} 6. a3 {[%clk
1:32:00]} Bxc3+ {[%clk 1:32:00]} 7. Qxc3 {[%clk 1:33:00]} Nxc5 {[%clk 1:33:00]}
8. f3 {[%clk 1:33:00]} d5 {[%clk 1:33:00]} 9. cxd5 {[%clk 1:34:00]} b6 {[%clk
1:33:00]} 10. Bg5 {[%clk 1:34:00]} O-O {[%clk 1:32:00]} 11. Bxf6 {[%clk 1:31:00]}
gxf6 {[%clk 1:33:00]} 12. b4 {[%clk 1:27:00]} Na4 {[%clk 1:32:00]} 13. Qb3 {[%clk
1:26:00]} Bd7 {[%clk 1:31:00]} 14. dxe6 {[%clk 1:05:00]} fxe6 {[%clk 1:31:00]}
15. e4 {[%clk 1:00:00]} f5 {[%clk 1:17:00]} 16. Bc4 {[%clk 0:50:00]} Qh4+ {[%clk
1:01:00]} 17. g3 {[%clk 0:49:00]} Qf6 {[%clk 0:57:00]} 18. Rd1 {[%clk 0:45:00]}
fxe4 {[%clk 0:53:00]} 19. Rxd7 {[%clk 0:42:00]} exf3 {[%clk 0:52:00]} 20. Nxf3
{[%clk 0:40:00]} Qxf3 {[%clk 0:51:00]} 21. Qxf3 {[%clk 0:37:00]} Rxf3 {[%clk
0:51:00]} 22. Rf1 {[%clk 0:36:00]} Re3+ {[%clk 0:44:00]} 23. Kd2 {[%clk 0:34:00]}
Re5 {[%clk 0:43:00]} 24. Rff7 {[%clk 0:34:00]} Nb2 {[%clk 0:38:00]} 25. Bb3
{[%clk 0:27:00]} a5 {[%clk 0:36:00]} 26. Rg7+ {[%clk 0:26:00]} Kh8 {[%clk
0:34:00]} 27. Rxh7+ {[%clk 0:26:00]} Kg8 {[%clk 0:35:00]} 28. Rhe7 {[%clk
0:25:00]} Kf8 {[%clk 0:29:00]} 29. Rxe6 {[%clk 0:16:15]} Rxe6 {[%clk 0:20:00]}
30. Bxe6 {[%clk 0:16:37]} axb4 {[%clk 0:20:00]} 31. axb4 {[%clk 0:16:35]} Ra1
{[%clk 0:21:00]} 32. Kc2 {[%clk 0:15:06]} Na4 {[%clk 0:21:00]} 33. Rf7+ {[%clk
0:11:11]} Ke8 {[%clk 0:21:00]} 34. Ra7 {[%clk 0:11:00]} Rh1 {[%clk 0:20:00]} 35.
Rxa4 {[%clk 0:09:51]} Rxh2+ {[%clk 0:21:00]} 36. Kd3 {[%clk 0:10:11]} Ke7 {[%clk
0:21:00]} 37. Bf5 {[%clk 0:10:03]} Kd6 {[%clk 0:21:00]} 38. Kc4 {[%clk 0:09:38]}
Kc6 {[%clk 0:21:00]} 39. b5+ {[%clk 0:10:02]} Kb7 {[%clk 0:09:49]} 40. Kd5 {[%clk
0:21:00]} Rb2 {[%clk 0:09:49]} 41. Bd7 {[%clk 0:21:00]} Rd2+ {[%clk 0:09:49]} 42.
Rd4 {[%clk 0:21:00]} Re2 {[%clk 0:09:49]} 43. g4 {[%clk 0:21:00]} Kc7 {[%clk
0:09:49]} 44. Bc6 {[%clk 0:21:00]} Re7 {[%clk 0:09:49]} 45. Re4 {[%clk 0:21:00]}
Rg7 {[%clk 0:09:49]} 46. Ke6 {[%clk 0:21:00]} Rg6+ {[%clk 0:09:49]} 47. Ke5
{[%clk 0:21:00]} 1-0

[Event "Campeonato España Sub 14"]
[Site "Salobreña"]
[Date "2017.07.21"]
[Round "8"]
[White "Fernandez Garcia, Gumersindo"]
[Black "Gomez Carreno, Martin"]
[Result "1/2-1/2"]
[Board "5"]
[WhiteClock "1:30"]
[WhiteElo "1861"]
[WhiteCountry "ESP"]
[WhiteFideId "24516740"]
[WhiteEloChange "6"]
[BlackClock "1:30"]
[BlackElo "2089"]
[BlackCountry "ESP"]
[BlackFideId "32066171"]
[BlackEloChange "-6"]

1. d4 {[%clk 1:30:00]} c5 {[%clk 1:30:00]} 2. d5 {[%clk 1:30:00]} e5 {[%clk
1:31:00]} 3. e4 {[%clk 1:29:00]} d6 {[%clk 1:31:00]} 4. c4 {[%clk 1:29:00]} Be7
{[%clk 1:32:00]} 5. Bd3 {[%clk 1:26:00]} Bg5 {[%clk 1:31:00]} 6. Nd2 {[%clk
1:22:00]} Bxd2+ {[%clk 1:27:00]} 7. Bxd2 {[%clk 1:21:00]} Ne7 {[%clk 1:27:00]} 8.
Ne2 {[%clk 1:13:00]} O-O {[%clk 1:26:00]} 9. Ng3 {[%clk 1:10:00]} Nd7 {[%clk
1:24:00]} 10. Qc2 {[%clk 1:02:00]} h6 {[%clk 1:21:00]} 11. O-O {[%clk 0:57:00]}
Ng6 {[%clk 1:18:00]} 12. Nf5 {[%clk 0:54:00]} Nf6 {[%clk 1:17:00]} 13. g3 {[%clk
0:53:00]} Re8 {[%clk 1:14:00]} 14. Rae1 {[%clk 0:51:00]} Ne7 {[%clk 1:13:00]} 15.
f4 {[%clk 0:47:00]} Nxf5 {[%clk 1:00:00]} 16. exf5 {[%clk 0:47:00]} e4 {[%clk
0:59:00]} 17. Bxe4 {[%clk 0:45:00]} Rxe4 {[%clk 0:59:00]} 18. Rxe4 {[%clk
0:44:00]} Bxf5 {[%clk 1:00:00]} 19. Re8+ {[%clk 0:44:00]} Qxe8 {[%clk 1:00:00]}
20. Qxf5 {[%clk 0:44:00]} Qe4 {[%clk 1:00:00]} 21. Qxe4 {[%clk 0:43:00]} Nxe4
{[%clk 1:01:00]} 22. Bc1 {[%clk 0:41:00]} f5 {[%clk 1:01:00]} 23. Rf3 {[%clk
0:38:00]} Re8 {[%clk 1:00:00]} 24. Re3 {[%clk 0:36:00]} Kf7 {[%clk 0:58:00]} 25.
Kf1 {[%clk 0:33:00]} g6 {[%clk 0:58:00]} 26. Ra3 {[%clk 0:29:00]} a6 {[%clk
0:58:00]} 27. Rb3 {[%clk 0:26:00]} Re7 {[%clk 0:57:00]} 28. Re3 {[%clk 0:24:00]}
h5 {[%clk 0:57:00]} 29. h4 {[%clk 0:18:53]} Ke8 {[%clk 0:51:00]} 30. Kg2 {[%clk
0:15:11]} Nf6 {[%clk 0:49:00]} 31. Rxe7+ {[%clk 0:15:14]} Kxe7 {[%clk 0:49:00]}
32. Bd2 {[%clk 0:15:23]} Ne4 {[%clk 0:49:00]} 33. Be1 {[%clk 0:15:42]} Kd7 {[%clk
0:48:00]} 34. Kf3 {[%clk 0:15:45]} b5 {[%clk 0:48:00]} 35. b3 {[%clk 0:15:33]}
Kc7 {[%clk 0:47:00]} 36. Ke3 {[%clk 0:15:31]} Kb6 {[%clk 0:44:00]} 37. Kd3 {[%clk
0:14:55]} a5 {[%clk 0:42:00]} 38. Kc2 {[%clk 0:11:54]} a4 {[%clk 0:41:00]} 39.
Kb2 {[%clk 0:10:20]} axb3 {[%clk 0:40:00]} 40. axb3 {[%clk 0:10:29]} Nf6 {[%clk
0:39:00]} 41. Bf2 {[%clk 0:09:51]} Ng4 {[%clk 0:38:00]} 42. Bg1 {[%clk 0:09:46]}
Ka6 {[%clk 0:37:00]} 43. Ka2 {[%clk 0:09:25]} Nf6 {[%clk 0:35:00]} 44. Bf2 {[%clk
0:09:53]} Nd7 {[%clk 0:35:00]} 45. Kb2 {[%clk 0:09:12]} Ka5 {[%clk 0:33:00]} 46.
Be1+ {[%clk 0:09:28]} Kb6 {[%clk 0:34:00]} 47. Bf2 {[%clk 0:09:27]} Nb8 {[%clk
0:34:00]} 48. Be1 {[%clk 0:08:30]} Na6 {[%clk 0:33:00]} 49. Ka3 {[%clk 0:08:05]}
Nc7 {[%clk 0:33:00]} 50. Kb2 {[%clk 0:08:12]} Ka6 {[%clk 0:32:00]} 51. Bf2 {[%clk
0:08:06]} Kb7 {[%clk 0:31:00]} 52. Be1 {[%clk 0:08:07]} Kb6 {[%clk 0:31:00]} 53.
Ka2 {[%clk 0:08:12]} Na6 {[%clk 0:29:00]} 54. Ka3 {[%clk 0:08:15]} Nb8 {[%clk
0:29:00]} 55. Kb2 {[%clk 0:08:29]} Nd7 {[%clk 0:28:00]} 56. Ka2 {[%clk 0:08:05]}
Ka6 {[%clk 0:27:00]} 57. Kb2 {[%clk 0:08:33]} Nf6 {[%clk 0:24:00]} 58. Bf2 {[%clk
0:08:58]} Kb6 {[%clk 0:24:00]} 59. Ka2 {[%clk 0:09:16]} Ka5 {[%clk 0:23:00]} 60.
Be1+ {[%clk 0:09:22]} b4 {[%clk 0:23:00]} 61. Bf2 {[%clk 0:09:51]} Ne4 {[%clk
0:23:00]} 62. Be1 {[%clk 0:10:19]} Nf6 {[%clk 0:22:00]} 63. Bf2 {[%clk 0:10:44]}
Kb6 {[%clk 0:21:00]} 64. Kb2 {[%clk 0:11:11]} Kc7 {[%clk 0:21:00]} 65. Kc2 {[%clk
0:11:07]} Kd7 {[%clk 0:22:00]} 66. Kd3 {[%clk 0:11:26]} Ke7 {[%clk 0:22:00]} 67.
Ke2 {[%clk 0:11:37]} Kf7 {[%clk 0:21:00]} 68. Kf3 {[%clk 0:11:06]} Kg7 {[%clk
0:22:00]} 69. Ke2 {[%clk 0:11:01]} Ne4 {[%clk 0:21:00]} 70. Be1 {[%clk 0:11:28]}
Kf6 {[%clk 0:22:00]} 71. Kf3 {[%clk 0:11:22]} Ke7 {[%clk 0:22:00]} 72. Ke2 {[%clk
0:11:37]} Ke8 {[%clk 0:22:00]} 73. Ke3 {[%clk 0:11:53]} Nf6 {[%clk 0:22:00]} 74.
Bf2 {[%clk 0:11:47]} Ng4+ {[%clk 0:22:00]} 75. Ke2 {[%clk 0:12:15]} Kd7 {[%clk
0:22:00]} 76. Bg1 {[%clk 0:12:19]} Kc7 {[%clk 0:23:00]} 77. Kd3 {[%clk 0:12:04]}
Kb6 {[%clk 0:23:00]} 78. Kc2 {[%clk 0:12:04]} 1/2-1/2

[Event "Campeonato España Sub 14"]
[Site "Salobreña"]
[Date "2017.07.21"]
[Round "8"]
[White "Perez Perez, Gabriel"]
[Black "Andrade Sandoval, Bianca"]
[Result "1-0"]
[Board "6"]
[WhiteClock "1:30"]
[WhiteElo "2000"]
[WhiteCountry "ESP"]
[WhiteFideId "32089147"]
[WhiteEloChange "6"]
[BlackClock "1:30"]
[BlackElo "1857"]
[BlackCountry "ESP"]
[BlackFideId "32084609"]
[BlackEloChange "-6"]

1. e4 {[%clk 1:30:00]} c5 {[%clk 1:30:00]} 2. Nf3 {[%clk 1:31:00]} e6 {[%clk
1:31:00]} 3. d4 {[%clk 1:31:00]} cxd4 {[%clk 1:31:00]} 4. Nxd4 {[%clk 1:31:00]}
a6 {[%clk 1:31:00]} 5. Bd3 {[%clk 1:32:00]} Nf6 {[%clk 1:32:00]} 6. O-O {[%clk
1:32:00]} d6 {[%clk 1:32:00]} 7. Qe2 {[%clk 1:32:00]} Qc7 {[%clk 1:32:00]} 8. c4
{[%clk 1:33:00]} Nbd7 {[%clk 1:32:00]} 9. Nc3 {[%clk 1:33:00]} Be7 {[%clk
1:33:00]} 10. f4 {[%clk 1:32:00]} b6 {[%clk 1:31:00]} 11. Kh1 {[%clk 1:31:00]}
Bb7 {[%clk 1:31:00]} 12. Bd2 {[%clk 1:31:00]} Rc8 {[%clk 1:24:00]} 13. Rae1
{[%clk 1:25:00]} Nc5 {[%clk 1:23:00]} 14. Bb1 {[%clk 1:23:00]} O-O {[%clk
1:22:00]} 15. Nf3 {[%clk 1:11:00]} Ncd7 {[%clk 1:19:00]} 16. b3 {[%clk 1:10:00]}
Rfd8 {[%clk 1:19:00]} 17. Qf2 {[%clk 1:04:00]} Nf8 {[%clk 1:16:00]} 18. Qg3
{[%clk 0:57:00]} Ne8 {[%clk 1:04:00]} 19. f5 {[%clk 0:47:00]} Bf6 {[%clk
0:58:00]} 20. Ne2 {[%clk 0:42:00]} Bc6 {[%clk 0:44:00]} 21. Nf4 {[%clk 0:33:00]}
b5 {[%clk 0:38:00]} 22. Nh5 {[%clk 0:28:00]} e5 {[%clk 0:29:00]} 23. Bh6 {[%clk
0:26:00]} Nd7 {[%clk 0:23:00]} 24. Be3 {[%clk 0:15:46]} bxc4 {[%clk 0:20:00]} 25.
bxc4 {[%clk 0:16:07]} Bb7 {[%clk 0:19:37]} 26. Rc1 {[%clk 0:13:01]} Kh8 {[%clk
0:17:54]} 27. Nxf6 {[%clk 0:07:19]} Ndxf6 {[%clk 0:17:34]} 28. Qh4 {[%clk
0:07:38]} Qd7 {[%clk 0:09:27]} 29. Nd2 {[%clk 0:06:30]} Qe7 {[%clk 0:07:34]} 30.
Qh3 {[%clk 0:05:54]} g6 {[%clk 0:02:34]} 31. fxg6 {[%clk 0:05:37]} fxg6 {[%clk
0:02:55]} 32. Bg5 {[%clk 0:06:00]} Rc7 {[%clk 0:01:54]} 33. Qh4 {[%clk 0:06:06]}
Kg7 {[%clk 0:02:10]} 34. Rf2 {[%clk 0:06:27]} Qe6 {[%clk 0:01:55]} 35. Rcf1
{[%clk 0:06:56]} Rf7 {[%clk 0:02:13]} 36. h3 {[%clk 0:06:43]} Rdd7 {[%clk
0:02:06]} 37. Bh6+ {[%clk 0:04:53]} Kg8 {[%clk 0:02:21]} 38. Nf3 {[%clk 0:05:02]}
Qxc4 {[%clk 0:00:42]} 39. Ng5 {[%clk 0:05:20]} Rfe7 {[%clk 0:01:00]} 40. Rxf6
{[%clk 0:04:33]} Nxf6 {[%clk 0:01:27]} 41. Rxf6 {[%clk 0:05:05]} Re8 {[%clk
0:01:46]} 42. Qf2 {[%clk 0:04:49]} Qc8 {[%clk 0:01:04]} 43. Bc2 {[%clk 0:03:04]}
Red8 {[%clk 0:00:43]} 44. h4 {[%clk 0:01:50]} Rc7 {[%clk 0:00:39]} 45. Rf7 {[%clk
0:01:45]} Rcd7 {[%clk 0:00:37]} 46. Qf6 {[%clk 0:01:45]} 1-0

[Event "Campeonato España Sub 14"]
[Site "Salobreña"]
[Date "2017.07.21"]
[Round "8"]
[White "Cespedes Llaverias, Llibert"]
[Black "Perez Beltran, Salvador"]
[Result "1/2-1/2"]
[Board "7"]
[WhiteClock "1:30"]
[WhiteElo "1996"]
[WhiteCountry "ESP"]
[WhiteFideId "32065949"]
[WhiteEloChange "-4"]
[BlackClock "1:30"]
[BlackElo "1854"]
[BlackCountry "ESP"]
[BlackFideId "32063008"]
[BlackEloChange "4"]

1. e4 {[%clk 1:30:00]} c6 {[%clk 1:30:00]} 2. d4 {[%clk 1:31:00]} d5 {[%clk
1:31:00]} 3. e5 {[%clk 1:31:00]} Bf5 {[%clk 1:31:00]} 4. h4 {[%clk 1:32:00]} h5
{[%clk 1:32:00]} 5. Bd3 {[%clk 1:32:00]} Bxd3 {[%clk 1:31:00]} 6. Qxd3 {[%clk
1:32:00]} Qa5+ {[%clk 1:31:00]} 7. Nd2 {[%clk 1:31:00]} Qa6 {[%clk 1:29:00]} 8.
c4 {[%clk 1:31:00]} e6 {[%clk 1:29:00]} 9. b3 {[%clk 1:30:00]} Ne7 {[%clk
1:27:00]} 10. Ne2 {[%clk 1:28:00]} Nd7 {[%clk 1:19:00]} 11. Nf3 {[%clk 1:25:00]}
Nf5 {[%clk 1:13:00]} 12. O-O {[%clk 1:04:00]} Nb6 {[%clk 1:07:00]} 13. Nd2 {[%clk
0:34:00]} Nxh4 {[%clk 0:53:00]} 14. Bb2 {[%clk 0:24:00]} O-O-O {[%clk 0:49:00]}
15. a4 {[%clk 0:16:24]} Nf5 {[%clk 0:30:00]} 16. Rfe1 {[%clk 0:15:32]} Bb4 {[%clk
0:14:26]} 17. Bc3 {[%clk 0:14:23]} Bxc3 {[%clk 0:10:25]} 18. Qxc3 {[%clk
0:14:44]} Na8 {[%clk 0:06:16]} 19. c5 {[%clk 0:14:20]} b6 {[%clk 0:05:07]} 20. b4
{[%clk 0:11:39]} bxc5 {[%clk 0:02:24]} 21. Qxc5 {[%clk 0:08:08]} Qb6 {[%clk
0:02:12]} 22. Qc3 {[%clk 0:07:51]} Nc7 {[%clk 0:01:51]} 23. b5 {[%clk 0:07:27]}
Kd7 {[%clk 0:01:34]} 24. bxc6+ {[%clk 0:05:53]} Qxc6 {[%clk 0:01:59]} 25. Qa5
{[%clk 0:04:37]} Qb6 {[%clk 0:01:27]} 26. Qc3 {[%clk 0:05:06]} Rb8 {[%clk
0:00:53]} 27. Rab1 {[%clk 0:03:28]} Qc6 {[%clk 0:00:42]} 28. Qa5 {[%clk 0:03:42]}
Rxb1 {[%clk 0:00:32]} 29. Rxb1 {[%clk 0:04:01]} Na6 {[%clk 0:00:35]} 30. Nb3
{[%clk 0:02:02]} Rc8 {[%clk 0:00:41]} 31. Rc1 {[%clk 0:02:06]} Qb6 {[%clk
0:01:01]} 32. Rxc8 {[%clk 0:01:22]} Kxc8 {[%clk 0:01:08]} 33. Qc3+ {[%clk
0:01:02]} Kd7 {[%clk 0:01:23]} 34. Nf4 {[%clk 0:00:55]} g6 {[%clk 0:01:32]} 35.
Nd3 {[%clk 0:01:04]} Kd8 {[%clk 0:00:41]} 36. Ndc5 {[%clk 0:00:40]} Nxc5 {[%clk
0:01:04]} 37. Nxc5 {[%clk 0:01:03]} a5 {[%clk 0:01:05]} 38. Kf1 {[%clk 0:00:40]}
Qb4 {[%clk 0:00:49]} 39. Qxb4 {[%clk 0:00:52]} axb4 {[%clk 0:01:09]} 40. Nb3
{[%clk 0:01:17]} Kc7 {[%clk 0:00:48]} 41. Ke2 {[%clk 0:01:16]} Kb6 {[%clk
0:00:48]} 42. Kf3 {[%clk 0:01:18]} Ne7 {[%clk 0:00:46]} 43. Kf4 {[%clk 0:01:12]}
Nc6 {[%clk 0:00:56]} 44. Kg5 {[%clk 0:01:02]} Na5 {[%clk 0:00:40]} 45. Nd2 {[%clk
0:00:47]} Nc4 {[%clk 0:00:45]} 46. Nb3 {[%clk 0:01:05]} Na5 {[%clk 0:01:08]} 47.
Nd2 {[%clk 0:01:31]} Nc4 {[%clk 0:00:47]} 48. Nb3 {[%clk 0:01:49]} Na5 {[%clk
0:00:47]} 1/2-1/2

[Event "Campeonato España Sub 14"]
[Site "Salobreña"]
[Date "2017.07.21"]
[Round "8"]
[White "Reboredo Martinez, Claudio"]
[Black "Arjol Lopez, Daniel"]
[Result "1/2-1/2"]
[Board "8"]
[WhiteClock "1:30"]
[WhiteElo "1796"]
[WhiteCountry "ESP"]
[WhiteFideId "24557153"]
[WhiteEloChange "5"]
[BlackClock "1:30"]
[BlackElo "1990"]
[BlackCountry "ESP"]
[BlackFideId "32099398"]
[BlackEloChange "-5"]

1. e4 {[%clk 1:30:00]} c5 {[%clk 1:30:00]} 2. Nf3 {[%clk 1:31:00]} Nc6 {[%clk
1:31:00]} 3. d4 {[%clk 1:31:00]} cxd4 {[%clk 1:31:00]} 4. Nxd4 {[%clk 1:32:00]}
g6 {[%clk 1:31:00]} 5. Nc3 {[%clk 1:32:00]} Bg7 {[%clk 1:32:00]} 6. Be3 {[%clk
1:33:00]} Nf6 {[%clk 1:32:00]} 7. Bc4 {[%clk 1:33:00]} Qa5 {[%clk 1:33:00]} 8.
O-O {[%clk 1:33:00]} O-O {[%clk 1:33:00]} 9. Nb3 {[%clk 1:33:00]} Qd8 {[%clk
1:33:00]} 10. Be2 {[%clk 1:32:00]} d6 {[%clk 1:33:00]} 11. Qd2 {[%clk 1:28:00]}
Bd7 {[%clk 1:32:00]} 12. Bh6 {[%clk 1:26:00]} Rc8 {[%clk 1:32:00]} 13. Bxg7
{[%clk 1:26:00]} Kxg7 {[%clk 1:33:00]} 14. Rad1 {[%clk 1:21:00]} Ne5 {[%clk
1:32:00]} 15. Kh1 {[%clk 1:15:00]} Qb6 {[%clk 1:22:00]} 16. f4 {[%clk 1:04:00]}
Nc4 {[%clk 1:13:00]} 17. Bxc4 {[%clk 1:04:00]} Rxc4 {[%clk 1:13:00]} 18. e5
{[%clk 0:58:00]} Ne4 {[%clk 0:57:00]} 19. Nxe4 {[%clk 0:50:00]} Rxe4 {[%clk
0:57:00]} 20. exd6 {[%clk 0:46:00]} exd6 {[%clk 0:57:00]} 21. f5 {[%clk 0:33:00]}
f6 {[%clk 0:55:00]} 22. fxg6 {[%clk 0:32:00]} hxg6 {[%clk 0:55:00]} 23. Qxd6
{[%clk 0:26:00]} Qxd6 {[%clk 0:55:00]} 24. Rxd6 {[%clk 0:26:00]} Bb5 {[%clk
0:56:00]} 25. Rfd1 {[%clk 0:23:00]} Rfe8 {[%clk 0:55:00]} 26. h3 {[%clk 0:23:00]}
Re1+ {[%clk 0:54:00]} 27. Kh2 {[%clk 0:22:00]} Bc6 {[%clk 0:46:00]} 28. Na5
{[%clk 0:10:45]} Rxd1 {[%clk 0:41:00]} 29. Rxd1 {[%clk 0:11:07]} Be4 {[%clk
0:41:00]} 30. Re1 {[%clk 0:08:36]} f5 {[%clk 0:41:00]} 31. Nxb7 {[%clk 0:05:54]}
Rb8 {[%clk 0:41:00]} 32. Nc5 {[%clk 0:05:57]} Rxb2 {[%clk 0:41:00]} 33. Nxe4
{[%clk 0:06:07]} fxe4 {[%clk 0:42:00]} 34. Rxe4 {[%clk 0:06:07]} 1/2-1/2